000 00333nam a2200157Ia 4500
008 160316s1994 xxu||||| |||| 00| 0 eng d
082 _a0.000000
_b
100 _a
245 _aStreet children
250 _a
260 _aStrasbourg
_bCouncil of Europe
_c1994
300 _a88p
_b
_c
365 _b
650 _a
700 _a
_a
999 _c17113
_d17113